Broadway Musical Mini-Minefields Quiz Stats

Quiz Updated Oct 19, 2013

Challenge
Share
Tweet
Embed
Score 0/60 Timer 05:00
0 Plays Today
Answer % Correct
???
63.1%
???
63.1%
???
63.1%
???
63.1%
???
63.1%
???
62.6%
???
62.6%
???
62.6%
???
62.6%
???
62.6%
???
46.1%
???
46.1%
???
46.1%
???
46.1%
???
46.1%
???
34.7%
???
34.7%
???
34.7%
???
34.7%
???
34.7%
???
34.4%
???
34.4%
???
34.4%
???
34.4%
???
34.4%
???
30.3%
???
30.3%
???
30.3%
???
30.3%
???
30.3%
Answer % Correct
???
28.5%
???
28.5%
???
28.5%
???
28.5%
???
28.5%
???
27.7%
???
27.7%
???
27.7%
???
27.7%
???
27.7%
???
26%
???
26%
???
26%
???
26%
???
26%
???
22.8%
???
22.8%
???
22.8%
???
22.8%
???
22.8%
???
21.1%
???
21.1%
???
21.1%
???
21.1%
???
21.1%
???
20.6%
???
20.6%
???
20.6%
???
20.6%
???
20.6%

You're not logged in!

Compare scores with friends on all Sporcle quizzes.
Join for Free
OR
Log In

You Might Also Like...

Show Comments

Extras

Top Quizzes Today


Score Distribution

Your Account Isn't Verified!

In order to create a playlist on Sporcle, you need to verify the email address you used during registration. Go to your Sporcle Settings to finish the process.

Report this User

Report this user for behavior that violates our Community Guidelines.

Details: